Breve historia de América /

Esta obra es una historia general de América, organizada en función de los grandes períodos (prehispánico, conquista, colonia, guerras de independencia, siglo XIX y siglo XX) y al interior de cada uno de ellos, por países.

Uloženo v:
Podrobná bibliografie
Hlavní autor: Sánchez, Luis Alberto (autor)
Médium: Kniha
Jazyk:španělština
Vydáno: Buenos Aires, Argentina : Losada, 1965, c1965
Témata:
Tagy: Přidat tag
Žádné tagy, Buďte první, kdo vytvoří štítek k tomuto záznamu!

MARC

LEADER 00000nam^a2200000^a^4500
001 000094999
005 20250521000000.0
009 20260310092852.346
037 |a Acervo ITESO - Biblioteca 
041 |a ESP 
082 |a 980.  |b SAN 
100 |a Sánchez, Luis Alberto  |e (autor) 
245 1 0 |a Breve historia de América /  |c L.A. Sánchez. 
264 4 |a Buenos Aires, Argentina :  |b Losada,  |c 1965, c1965 
300 |a 510 p. 
336 |a texto  |b txt  |2 rdacontenido 
337 |a sin mediación  |b n  |2 rdamedio 
338 |a volumen  |b nc  |2 rdasoporte 
520 |a Esta obra es una historia general de América, organizada en función de los grandes períodos (prehispánico, conquista, colonia, guerras de independencia, siglo XIX y siglo XX) y al interior de cada uno de ellos, por países. 
649 |a XX 
650 |a América -  |x Historia 
650 |a Latinoamérica -  |x Historia 
910 |a Fondo Jesús Rodríguez 
920 |a Impresos - Libros 
930 |a Fondos Especiales 
905 |a 113 
901 |a 0500029133  |b IT2  |c ESP  |u 20250521 
902 |a https://opac.biblio.iteso.mx/vufind/Record/000094999